Building knowledge economies advanced strategies for development.

Bibliographic Details
Corporate Authors: World Bank., ProQuest (Firm)
Format: Electronic eBook
Language:English
Published: Washington, D.C. : World Bank, c2007.
Series:WBI development studies.
Subjects:
Online Access:Click to View
LEADER 01539nam a2200421 a 4500
001 EBC459805
003 MiAaPQ
005 20200520144314.0
006 m o d |
007 cr cn|||||||||
008 070507s2007 dcua sb i000 0 eng
010 |z  2007018122 
020 |z 9780821369579 (pbk.) 
020 |z 0821369571 (pbk.) 
020 |a 9780821369586 (electronic bk.) 
020 |a 082136958X (electronic bk.) 
035 |a (MiAaPQ)EBC459805 
035 |a (Au-PeEL)EBL459805 
035 |a (CaPaEBR)ebr10194452 
035 |a (CaONFJC)MIL109987 
035 |a (OCoLC)466449388 
040 |a MiAaPQ  |c MiAaPQ  |d MiAaPQ 
050 4 |a HC79.I55  |b B847 2007 
082 0 4 |a 303.48/33  |2 22 
245 0 0 |a Building knowledge economies  |h [electronic resource] :  |b advanced strategies for development. 
260 |a Washington, D.C. :  |b World Bank,  |c c2007. 
300 |a xv, 191 p. :  |b ill. 
490 1 |a WBI development studies 
504 |a Includes bibliographical references (p. 183-191). 
533 |a Electronic reproduction. Ann Arbor, MI : ProQuest, 2015. Available via World Wide Web. Access may be limited to ProQuest affiliated libraries. 
650 0 |a Information technology  |x Economic aspects. 
650 0 |a Technological innovations  |x Economic aspects. 
650 0 |a Knowledge management. 
655 4 |a Electronic books. 
710 2 |a World Bank. 
710 2 |a ProQuest (Firm) 
830 0 |a WBI development studies. 
856 4 0 |u https://ebookcentral.proquest.com/lib/matrademy/detail.action?docID=459805  |z Click to View